00502nam a22001931a 45000010005000000030004000050050017000090080041000260200015000670500016000820820014000981000017001122450054001292640021001833000010002044900027002145000028002416500039002693385OSt20260204211848.0040831s1989||||sp ||||||b||||||||||spa|| a8420735213 a813.4 P994a a904 P994a aPyle, Howard aLas alegres aventuras de Robin Hood / Howard Pyle aEspaña : ANAYA a284 p aSerie tus libros No 92 aIncluye bibliografías aLiteratura Norteamericana I-tilÌ